El lápiz de Rosalía / (Registro nro. 12041)

Detalles MARC
000 -LIDER
fixed length control field 00993cam a22003375b 4500
001 - NÚMERO DE CONTROL
Identificador de número de control 04174
003 - IDENTIFICACDOR DE NÚMERO DE CONTROL
control field DO-SdBNP
005 - DATE AND TIME OF LATEST TRANSACTION
control field 20180213093842.0
007 - CAMPOS FIJOS DE DESCRIPCIÓN FÍSICA
fixed length control field 04174
008 - ELEMENTOS DE LONGITUD FIJA
fixed length control field 941024s1993 sp | |||| ||spa
016 7# - NO. DE CONTROL DE LA AGENCIA BIB. NACIONAL
Record control number
Source BPMSU
017 ## - NÚMERO DE REGISTRO DE DERECHOS DE AUTOR
Copyright or legal deposit number
Assigning agency
020 ## - ISBN
International Standard Book Number 8434837706
035 ## - NÚMERO LOCAL
System control number
040 ## - FUENTE DE CATALOGACIÓN
Agencia que crea de manera original el registro BPMSU
Idioma de catalogación spa
Agencia que realiza la transcripción BPMSU
Convenciones de la despripción
041 1# - CÓDIGOS DE OBRAS TRADUCIDAS O EN VARIOS IDIOMAS
Código del idioma del texto/archivo de sonido o separata spa
Cód. del idioma original y/o traducciones intermedias del texto
080 #0 - NÚMERO DE CLASIFICACIÓN DECIMAL UNIVERSAL
Universal Decimal Classification number
100 1# - ASIENTO PRINCIPAL -- NOMBRE PERSONAL
Nombre personal Cortizas, Antón
Fechas asociadas con el nombre 1954-
240 12 - TITULO UNIFORME
Título uniforme O lapis de Rosalia
Idioma de una obra Español
245 13 - MENCIÓN DE TITULO
Título El lápiz de Rosalía /
Mención de responsabilidad Antón Cortizas ; ilustraciones de Margarita Menéndez ; traducción del gallego, Manuel Barbadillo
Medio (Designación general de material)
250 ## - MENCIÓN DE EDICION
Mención de edición 2ª ed.
260 ## - PUBLICACIÓN, DISTRIBUCIÓN, ETC. (PIE DE IMPRENTA)
Lugar de publicación, distribución, etc Madrid :
Nombre del editor, distribuidor, etc. SM,
Fecha de publicación, distribución, etc 1993
300 ## - DESCRIPCIÓN FÍSICA
Extensión 62 p.:
Otros detalles físicos il. ;
Dimensiones 19 cm
490 1# - MENCIÓN DE SERIES
Mención de serie El barco de vapor. ;
-- Serie blanca
Volume/sequential designation 48
700 11 - ASIENTO SECUNDARIO -- NOMBRE PERSONAL
Nombre personal Menéndez, Margarita
700 11 - ASIENTO SECUNDARIO -- NOMBRE PERSONAL
Nombre personal Barbadillo, Manuel
Fechas asociadas con el nombre 1928-2007
830 #3 - ASIENTO SECUNDARIO DE SERIE--TÍTULO UNIFORME
Título uniforme El barco de vapor.;
Nombre de la parte o sección de una obra Serie blanca
Volume number/sequential designation 48
942 ## - ADDED ENTRY ELEMENTS (KOHA)
Source of classification or shelving scheme Dewey Decimal Classification
Koha item type Libros
945 ## - INFORMACIÓN DE PROCESAMIENTO LOCAL
Información de procesamiento local Inventariado, 2018 / BT
956 ## - LOCAL ELECTRONIC LOCATION AND ACCESS (OCLC)
Nombre de host VMATEO
Número de acceso 10
Información de compresión 20161123
Trayectoria BPMSU
Nombre Electrónico 0069
Existencias
Withdrawn status Lost status Source of classification or shelving scheme Damaged status Not for loan Collection code Home library Current library Date acquired Source of acquisition Total Checkouts Barcode Date last seen Price effective from Koha item type
    Dewey Decimal Classification     Colección Infantil General Biblioteca Pública Metropolitana Salomé Ureña Biblioteca Pública Metropolitana Salomé Ureña 11/23/2016 Agencia de cooperación internacional del Japón   BPMSU16111493 11/23/2016 11/23/2016 Libros